Estatísticas para Bulgária

Clique aqui para jogar o quiz

Estatísticas Gerais

  • Esse quiz foi jogado 9 vezes
  • A pontuação média é 7 de 13

Estatísticas das Respostas

HintResposta% Correto
Com quantos países faz fronteira?5
100%
Onde fica?Europa
100%
Qual é o seu idioma?Búlgaro
88%
Qual é o desporto mais praticado no país?Futebol
88%
Qual é a sua capital?Sófia
88%
O que os búlgaros querem dizer quando balançam a cabeça para cima e para baixo?Não
75%
O que os búlgaros querem dizer quando balançam a cabeça para a direita e para a esquerda ?Sim
75%
Qual é a sua religião?Cristianismo
50%
Qual é o seu código ISO?BGR
25%
Como se chama a sua moeda?Lev
25%
Como se chama a bebida típica do país?Rakia
25%
Como se chama o doce típico do país?Baklava
0%
Qual é a flor nacional do país?Rosa Damascena
0%

Distribuição das Pontuações

Percentil de Números Respondidos

Porcentagem de Pessoas com Cada Pontuação

Sua Pontuação Histórica

Você não jogou esse quiz